[Event "4NCL Division Three East"]
[Site "Daventry, ENG"]
[Date "2022.11.06"]
[Round "2.11"]
[White "Lohia, Sohum"]
[Black "Cooksey, Paul S"]
[Result "1/2-1/2"]
[WhiteElo "2136"]
[BlackElo "2292"]
[PlyCount "93"]
[EventDate "2022.11.06"]
[WhiteTeam "Watford A"]
[BlackTeam "Crowthorne A"]

1. e4 c6 2. d4 d5 3. e5 Bf5 4. h4 h5 5. Bd3 Bxd3 6. Qxd3 e6 7. Bg5 Be7 8. Nf3
Nd7 9. Nbd2 Nh6 10. O-O Nf5 11. Bxe7 Qxe7 12. g3 O-O 13. c4 dxc4 14. Nxc4 Rfd8
15. Ne3 g6 16. Nxf5 exf5 17. Qe3 Nf8 18. a4 Ne6 19. a5 a6 20. Rfc1 Rd5 21. Rc4
Rad8 22. b4 R8d7 23. Rd1 Qd8 24. Qc3 Qf8 25. Rc1 Qh6 26. Kg2 Rd8 27. Qe3 Qf8
28. Qc3 Qe7 29. Rd1 Rb5 30. Qe1 Qd7 31. Qe2 Qd5 32. Rd2 f4 33. Rc5 Qd7 34. Rxb5
axb5 35. Qe4 fxg3 36. fxg3 Ng7 37. Ng5 Nf5 38. e6 fxe6 39. Qxe6+ Qxe6 40. Nxe6
Re8 41. Re2 Re7 42. Kf2 Rf7 43. Kg2 Rd7 44. Re4 Re7 45. Kf2 Nd6 46. Re2 Nf5 47.
Re4 1/2-1/2

[Event "4NCL Division Three East"]
[Site "Daventry, ENG"]
[Date "2022.11.06"]
[Round "2.12"]
[White "Webb, Richard M"]
[Black "Nelson, Omowale"]
[Result "1/2-1/2"]
[WhiteElo "2201"]
[BlackElo "1994"]
[PlyCount "69"]
[EventDate "2022.11.06"]
[WhiteTeam "Crowthorne A"]
[BlackTeam "Watford A"]

1. Nf3 Nf6 2. g3 d5 3. Bg2 Bf5 4. O-O h6 5. d3 e6 6. Nbd2 Bc5 7. c4 c6 8. d4
Bd6 9. b3 O-O 10. Bb2 Nbd7 11. e3 Bg4 12. h3 Bh5 13. Qc1 Bg6 14. Ne5 Bh7 15. f4
h5 16. c5 Bc7 17. a3 Bf5 18. Qd1 g6 19. Qe2 Kg7 20. Bc3 Qe7 21. b4 Rad8 22. a4
Nxe5 23. fxe5 Ne4 24. Nxe4 Bxe4 25. Bxe4 dxe4 26. Rf6 Qd7 27. Raf1 Qd5 28. g4
hxg4 29. Qxg4 Qb3 30. Qf4 Qxc3 31. Rxf7+ Rxf7 32. Qxf7+ Kh6 33. Qf4+ Kh7 34.
Qf7+ Kh6 35. Qf4+ 1/2-1/2

[Event "4NCL Division Three East"]
[Site "Daventry, ENG"]
[Date "2022.11.06"]
[Round "2.13"]
[White "Van Essen, Luuk"]
[Black "Thompson, Ian D"]
[Result "0-1"]
[WhiteElo "1971"]
[BlackElo "2106"]
[PlyCount "98"]
[EventDate "2022.11.06"]
[WhiteTeam "Watford A"]
[BlackTeam "Crowthorne A"]

1. d4 d5 2. Nf3 Nf6 3. c4 e6 4. g3 Bb4+ 5. Bd2 Be7 6. Bg2 O-O 7. O-O c6 8. Qc2
b6 9. Bf4 Bb7 10. Nbd2 Nbd7 11. Rad1 Nh5 12. Be3 f5 13. Nb1 Bd6 14. Bg5 Qe8 15.
e3 Rc8 16. Qa4 a5 17. cxd5 exd5 18. Nc3 Nhf6 19. Bf4 Qe7 20. Ne2 Ne4 21. Bxd6
Nxd6 22. Nf4 Nc4 23. Qc2 g6 24. h4 Nf6 25. Nd3 Ne4 26. Nde5 Nxe5 27. Nxe5 c5
28. Qb3 Qc7 29. Qb5 Rfd8 30. Rc1 Nd6 31. Qe2 c4 32. g4 Qe7 33. g5 Nf7 34. f4 b5
35. h5 Nxe5 36. dxe5 d4 37. exd4 Rxd4 38. Rcd1 Rcd8 39. h6 Bxg2 40. Kxg2 Qb7+
41. Kh2 Qd5 42. Rxd4 Qxd4 43. Qf2 Kf7 44. Qxd4 Rxd4 45. Kg3 Ke6 46. Kf3 b4 47.
Ke3 Re4+ 48. Kd2 Kd5 49. Re1 c3+ 0-1

[Event "4NCL Division Three East"]
[Site "Daventry, ENG"]
[Date "2022.11.06"]
[Round "2.14"]
[White "Coates, Kenneth G"]
[Black "Lancaster, Roger"]
[Result "0-1"]
[WhiteElo "2030"]
[BlackElo "1952"]
[PlyCount "94"]
[EventDate "2022.11.06"]
[WhiteTeam "Crowthorne A"]
[BlackTeam "Watford A"]

1. d4 e6 2. Nf3 Nf6 3. Bf4 b6 4. e3 Bb7 5. Bd3 Nh5 6. Bg5 Be7 7. Bxe7 Qxe7 8.
O-O f5 9. Nc3 Nf6 10. Re1 Ne4 11. Nd2 Nxd2 12. Qxd2 Qg5 13. f4 Qf6 14. Rad1 d5
15. Nb5 Qf7 16. c4 O-O 17. Rc1 Rc8 18. Be2 a6 19. Nc3 Nd7 20. Bf3 Nf6 21. b4 c5
22. Na4 Nd7 23. cxd5 Bxd5 24. Bxd5 exd5 25. dxc5 bxc5 26. bxc5 Rc6 27. Qd4 Re8
28. Nb2 Re4 29. Qd2 Qe6 30. Nd3 Rc4 31. Nb4 R6xc5 32. Rxc4 dxc4 33. Nxa6 c3 34.
Qd4 Rc8 35. Nb4 Nf6 36. Rc1 Rc4 37. Qd8+ Kf7 38. Nc2 Nd5 39. Rd1 Rc5 40. Kf2
Nf6 41. h3 Qxa2 42. Qd3 Rd5 43. Qe2 Rd2 44. Rxd2 Ne4+ 45. Kg1 cxd2 46. Qd1 Qb2
47. Kf1 Qc1 0-1

[Event "4NCL Division Three East"]
[Site "Daventry, ENG"]
[Date "2022.11.06"]
[Round "2.15"]
[White "Taylor, Alistair"]
[Black "Purdon, Colin"]
[Result "1-0"]
[WhiteElo "1843"]
[BlackElo "1994"]
[PlyCount "55"]
[EventDate "2022.11.06"]
[WhiteTeam "Watford A"]
[BlackTeam "Crowthorne A"]

1. g3 d5 2. Bg2 Nf6 3. d3 e5 4. a3 c5 5. c4 Nc6 6. cxd5 Nxd5 7. Nc3 Be6 8. Nf3
Be7 9. O-O O-O 10. Bd2 f6 11. Rc1 Qd7 12. Be3 Nxe3 13. fxe3 Rac8 14. Nd2 Rfd8
15. b3 Kh8 16. Kh1 f5 17. e4 g6 18. Nd5 b6 19. Nc4 Bg5 20. Rb1 b5 21. Nd2 Ne7
22. Nf3 Bxd5 23. Nxg5 Bg8 24. exf5 gxf5 25. Bh3 h6 26. Nf3 Ng6 27. Qc1 Be6 28.
Qxh6+ 1-0

[Event "4NCL Division Three East"]
[Site "Daventry, ENG"]
[Date "2022.11.06"]
[Round "2.16"]
[White "Tart, Peter K"]
[Black "Dairi, Ramsey"]
[Result "1-0"]
[WhiteElo "1849"]
[BlackElo "1503"]
[PlyCount "65"]
[EventDate "2022.11.06"]
[WhiteTeam "Crowthorne A"]
[BlackTeam "Watford A"]

1. e4 c5 2. Nc3 e6 3. f4 d5 4. Nf3 Nc6 5. Bb5 a6 6. Bxc6+ bxc6 7. d3 Rb8 8. O-O
d4 9. Na4 Nf6 10. Ne5 Bd7 11. b3 Be7 12. Ba3 Rb5 13. Qe1 O-O 14. c4 Ra5 15. Bc1
Bd6 16. Bd2 Rxa4 17. bxa4 Be8 18. Ba5 Qe7 19. Rb1 Bxe5 20. fxe5 Ng4 21. Qg3 Ne3
22. Rf2 f5 23. exf6 Rxf6 24. Rxf6 Qxf6 25. Bd2 Nc2 26. Rf1 Qd8 27. Bg5 Qb6 28.
Qf2 h6 29. Bxh6 gxh6 30. Qf8+ Kh7 31. Qe7+ Kg6 32. Rf6+ Kg5 33. Qg7+ 1-0

[Event "4NCL Division Three East"]
[Site "Daventry, ENG"]
[Date "2022.11.06"]
[Round "2.21"]
[White "Emerson, Roger"]
[Black "Lee, Richard W Y"]
[Result "1/2-1/2"]
[WhiteElo "2176"]
[BlackElo "2107"]
[PlyCount "21"]
[EventDate "2022.11.06"]
[WhiteTeam "Guildford Castles"]
[BlackTeam "Cambridge University 2"]

1. d4 d5 2. c4 e6 3. Nc3 Nf6 4. Nf3 c5 5. cxd5 Nxd5 6. e4 Nxc3 7. bxc3 cxd4 8.
cxd4 Bb4+ 9. Bd2 Bxd2+ 10. Qxd2 O-O 11. Bc4 1/2-1/2

[Event "4NCL Division Three East"]
[Site "Daventry, ENG"]
[Date "2022.11.06"]
[Round "2.22"]
[White "Starley, Robert"]
[Black "Punnett, Alan K"]
[Result "0-1"]
[WhiteElo "2020"]
[BlackElo "2130"]
[PlyCount "116"]
[EventDate "2022.11.06"]
[WhiteTeam "Cambridge University 2"]
[BlackTeam "Guildford Castles"]

1. e4 e6 2. d4 d5 3. Nc3 Nf6 4. e5 Nfd7 5. Nf3 c5 6. dxc5 Nc6 7. Bf4 Bxc5 8.
Bd3 f5 9. O-O Nf8 10. Qe2 Ng6 11. Bg5 Be7 12. Bxe7 Qxe7 13. g3 O-O 14. a3 Bd7
15. h4 Be8 16. Nb5 a6 17. Nbd4 Ngxe5 18. Nxe5 Nxd4 19. Qe3 Nc6 20. Rfe1 Rf6 21.
c4 Rd8 22. cxd5 exd5 23. Qf4 Qd6 24. Bxf5 g6 25. Nxc6 Qxc6 26. Qg5 Qb6 27. Be6+
Kg7 28. Re2 Bb5 29. Re3 d4 30. Re5 d3 31. Re3 h6 32. Qg4 Re8 33. a4 Rexe6 34.
Rxe6 Qxe6 35. Qxe6 Rxe6 36. axb5 a5 37. Rd1 Rd6 38. f3 Rd5 39. b3 d2 40. b6 Rd3
41. Kf2 Rxb3 42. Rxd2 Rxb6 43. Rd5 a4 44. Ke3 Kf6 45. g4 a3 46. Rd1 a2 47. Ra1
Ra6 48. f4 h5 49. gxh5 gxh5 50. Ke4 Ra4+ 51. Kd5 Kf5 52. Kc5 Kxf4 53. Kb6 Kg4
54. Kxb7 Kxh4 55. Kc6 Kg3 56. Kb5 Ra8 57. Kc4 h4 58. Kd3 Kg2 0-1

[Event "4NCL Division Three East"]
[Site "Daventry, ENG"]
[Date "2022.11.06"]
[Round "2.23"]
[White "White, Nigel"]
[Black "Borrowdale, Graham E"]
[Result "1-0"]
[WhiteElo "2102"]
[BlackElo "1960"]
[PlyCount "73"]
[EventDate "2022.11.06"]
[WhiteTeam "Guildford Castles"]
[BlackTeam "Cambridge University 2"]

1. e4 e6 2. d4 d5 3. Nd2 Nf6 4. e5 Nfd7 5. f4 c5 6. c3 Nc6 7. Ndf3 Qb6 8. a3 a5
9. b3 Be7 10. h4 Nf8 11. Bd3 Bd7 12. Ne2 a4 13. b4 cxd4 14. cxd4 f6 15. h5 Qd8
16. Bd2 Na7 17. Nc3 b5 18. Qe2 Qb6 19. Rc1 Rc8 20. g4 h6 21. Rf1 Nh7 22. Bg6+
Kd8 23. Qd3 Nf8 24. exf6 gxf6 25. g5 Rc4 26. gxh6 Nc6 27. Be3 Nxb4 28. axb4
Bxb4 29. Ke2 Bxc3 30. Rxc3 b4 31. Rxc4 dxc4 32. Qe4 Qa6 33. d5 c3+ 34. Kf2 b3
35. Bd4 f5 36. Qe3 b2 37. Bf6+ 1-0

[Event "4NCL Division Three East"]
[Site "Daventry, ENG"]
[Date "2022.11.06"]
[Round "2.24"]
[White "Webster, Peter A N"]
[Black "Galer, Sebastian E"]
[Result "1/2-1/2"]
[WhiteElo "1927"]
[BlackElo "2064"]
[PlyCount "66"]
[EventDate "2022.11.06"]
[WhiteTeam "Cambridge University 2"]
[BlackTeam "Guildford Castles"]

1. e4 e5 2. Nf3 Nc6 3. Bb5 a6 4. Bxc6 dxc6 5. O-O Bd6 6. d4 Bg4 7. dxe5 Bxf3 8.
Qxf3 Bxe5 9. Nd2 Qf6 10. Qxf6 Nxf6 11. Nf3 Nd7 12. Nxe5 Nxe5 13. Bf4 f6 14.
Rad1 Ke7 15. Bxe5 fxe5 16. Rd3 Rad8 17. Rfd1 Rd6 18. f3 Rhd8 19. Kf2 Ke6 20.
Ke3 c5 21. h4 c4 22. R3d2 h6 23. g3 g5 24. hxg5 hxg5 25. Rxd6+ cxd6 26. Rh1 b5
27. Rh6+ Kd7 28. a3 Rg8 29. b3 cxb3 30. cxb3 a5 31. Rh7+ Kc6 32. Ra7 Kb6 33.
Rd7 Kc6 1/2-1/2

[Event "4NCL Division Three East"]
[Site "Daventry, ENG"]
[Date "2022.11.06"]
[Round "2.25"]
[White "Shepley, Julien M"]
[Black "Phillips, William"]
[Result "1/2-1/2"]
[WhiteElo "1979"]
[BlackElo "1789"]
[PlyCount "80"]
[EventDate "2022.11.06"]
[WhiteTeam "Guildford Castles"]
[BlackTeam "Cambridge University 2"]

1. e4 e5 2. Nc3 Nf6 3. Bc4 Nc6 4. d3 Na5 5. Bb3 Nxb3 6. axb3 d5 7. exd5 Nxd5 8.
Nf3 Bb4 9. Bd2 f6 10. h3 O-O 11. O-O Nxc3 12. bxc3 Bd6 13. Qe2 Bf5 14. Nh4 Qd7
15. Nxf5 Qxf5 16. Qe3 a6 17. c4 b6 18. b4 c5 19. c3 Rfe8 20. Ra2 e4 21. d4 g5
22. Qe2 Re7 23. Rfa1 Rea7 24. bxc5 bxc5 25. Be3 a5 26. Ra4 h6 27. Qg4 Qxg4 28.
hxg4 Ra6 29. dxc5 Bc7 30. Bd4 Kf7 31. Rb1 Rb8 32. Rb5 Ke6 33. Kf1 Rf8 34. Ke2
Kd7 35. Ke3 Re6 36. g3 Kc6 37. Ra1 f5 38. gxf5 Rxf5 39. Rh1 Rf3+ 40. Ke2 Rf7
1/2-1/2

[Event "4NCL Division Three East"]
[Site "Daventry, ENG"]
[Date "2022.11.06"]
[Round "2.26"]
[White "Breed, Greg J"]
[Black "Stimpson, Philip M"]
[Result "0-1"]
[WhiteElo "1744"]
[BlackElo "1941"]
[PlyCount "46"]
[EventDate "2022.11.06"]
[WhiteTeam "Cambridge University 2"]
[BlackTeam "Guildford Castles"]

1. d4 d5 2. c4 c6 3. cxd5 cxd5 4. Nc3 e5 5. e4 dxe4 6. Bb5+ Bd7 7. dxe5 Nc6 8.
Qd5 a6 9. Bxc6 Bxc6 10. Qxd8+ Rxd8 11. Be3 Ne7 12. Nge2 Nd5 13. Nxd5 Rxd5 14.
O-O Rxe5 15. Nd4 Bd7 16. Rac1 Bd6 17. Rfd1 Ke7 18. Bf4 Rd5 19. Bxd6+ Rxd6 20.
Rc7 Kf6 21. Rd2 Rd8 22. Nb3 Rxd2 23. Nxd2 Bc6 0-1

[Event "4NCL Division Three East"]
[Site "Daventry, ENG"]
[Date "2022.11.06"]
[Round "2.31"]
[White "Swanson, Stephen"]
[Black "Miller, Dominic"]
[Result "1/2-1/2"]
[WhiteElo "2206"]
[BlackElo "2123"]
[PlyCount "31"]
[EventDate "2022.11.06"]
[WhiteTeam "Poisoned Pawns"]
[BlackTeam "Sussex Martlets 2"]

1. e4 e6 2. d3 d5 3. Nd2 Nf6 4. Ngf3 Nc6 5. Be2 e5 6. O-O Bd6 7. c3 a5 8. exd5
Nxd5 9. Re1 O-O 10. Bf1 Bg4 11. h3 Bh5 12. a4 Re8 13. Ne4 Bf8 14. Ng3 Bg6 15.
Qb3 Ra6 16. Qc4 1/2-1/2

[Event "4NCL Division Three East"]
[Site "Daventry, ENG"]
[Date "2022.11.06"]
[Round "2.32"]
[White "Rogacewicz, Mikolaj"]
[Black "Pickard, Charles"]
[Result "1/2-1/2"]
[WhiteElo "1986"]
[BlackElo "2175"]
[PlyCount "87"]
[EventDate "2022.11.06"]
[WhiteTeam "Sussex Martlets 2"]
[BlackTeam "Poisoned Pawns"]

1. d4 d5 2. c4 e6 3. Nf3 c5 4. cxd5 exd5 5. Nc3 Nf6 6. g3 Nc6 7. Bg2 Be7 8. O-O
O-O 9. dxc5 Bxc5 10. Bg5 d4 11. Ne4 Be7 12. Bxf6 Bxf6 13. Nxf6+ Qxf6 14. Qd2
Bg4 15. Rfd1 Rad8 16. h3 Bh5 17. g4 Bg6 18. Qg5 Qe6 19. Rd2 f5 20. Nh4 fxg4 21.
Nxg6 hxg6 22. Qxg4 Qf6 23. Qg3 Rfe8 24. Qb3+ Qf7 25. Qxf7+ Kxf7 26. Rc1 Rd6 27.
e3 Red8 28. Bxc6 Rxc6 29. Rxc6 bxc6 30. exd4 c5 31. d5 Ke7 32. Kg2 Rb8 33. d6+
Kd7 34. f4 Rb4 35. Kf3 a5 36. b3 a4 37. Rd3 c4 38. bxc4 Rxc4 39. a3 Rc5 40. Ke4
g5 41. f5 Rc4+ 42. Ke5 Rc5+ 43. Ke4 Rc4+ 44. Ke5 1/2-1/2

[Event "4NCL Division Three East"]
[Site "Daventry, ENG"]
[Date "2022.11.06"]
[Round "2.33"]
[White "Rosen, Daniel B"]
[Black "Higgs, Anthony R J"]
[Result "1/2-1/2"]
[WhiteElo "2059"]
[BlackElo "1950"]
[PlyCount "44"]
[EventDate "2022.11.06"]
[WhiteTeam "Poisoned Pawns"]
[BlackTeam "Sussex Martlets 2"]

1. e4 d6 2. d4 Nf6 3. Nc3 Nbd7 4. f4 e5 5. Nf3 exd4 6. Qxd4 c6 7. a4 d5 8. e5
Bc5 9. Qd2 Qe7 10. Bd3 Ng4 11. Nd1 Ndf6 12. g3 Ne4 13. Bxe4 dxe4 14. Nd4 O-O
15. Ne3 Nxe3 16. Qxe3 Rd8 17. c3 Be6 18. O-O Bc4 19. Re1 Bd3 20. Qf2 f6 21.
exf6 Qxf6 22. Be3 Bxd4 1/2-1/2

[Event "4NCL Division Three East"]
[Site "Daventry, ENG"]
[Date "2022.11.06"]
[Round "2.34"]
[White "Hedger, Alec"]
[Black "Hutchinson, Norman A"]
[Result "1-0"]
[WhiteElo "1932"]
[BlackElo "1997"]
[PlyCount "49"]
[EventDate "2022.11.06"]
[WhiteTeam "Sussex Martlets 2"]
[BlackTeam "Poisoned Pawns"]

1. e4 c6 2. d4 d5 3. exd5 cxd5 4. c4 Nf6 5. Nc3 Nc6 6. Nf3 Bg4 7. cxd5 Nxd5 8.
Qb3 Bxf3 9. gxf3 e6 10. Qxb7 Nxd4 11. Bb5+ Nxb5 12. Qc6+ Ke7 13. Qxb5 Qd7 14.
Nxd5+ Qxd5 15. Qxd5 exd5 16. Be3 Ke6 17. O-O Be7 18. Rfe1 Bf6 19. Rad1 Kd6 20.
Re2 Rhd8 21. Bf4+ Kc6 22. Rc2+ Kb5 23. Rc7 d4 24. a4+ Kxa4 25. Rb7 1-0

[Event "4NCL Division Three East"]
[Site "Daventry, ENG"]
[Date "2022.11.06"]
[Round "2.35"]
[White "Kemp, Paul R"]
[Black "Graham, William M"]
[Result "1-0"]
[WhiteElo "1990"]
[BlackElo "1997"]
[PlyCount "127"]
[EventDate "2022.11.06"]
[WhiteTeam "Poisoned Pawns"]
[BlackTeam "Sussex Martlets 2"]

1. e4 e6 2. d4 d5 3. exd5 exd5 4. Bd3 Nc6 5. c3 Bd6 6. Qf3 Nf6 7. h3 Be6 8. Ne2
Qe7 9. O-O O-O-O 10. Bf4 Rdg8 11. Bxd6 Qxd6 12. Qg3 Qd8 13. Nf4 Bd7 14. c4 g5
15. Nxd5 h5 16. Nbc3 h4 17. Qf3 Nxd5 18. Nxd5 g4 19. hxg4 Rxg4 20. Bf5 Nxd4 21.
Qxg4 Nxf5 22. Qf4 h3 23. g3 h2+ 24. Kh1 Nd6 25. Rad1 Bc6 26. Rfe1 Rh5 27. Qg4+
Rf5 28. Re5 Qf6 29. Rxf5 Nxf5 30. f3 Qe6 31. Nf4 Qe5 32. Kxh2 Qxb2+ 33. Kg1 Qe5
34. Kg2 b6 35. Rd3 Kb7 36. Kh3 Ne3 37. Qh5 Qe7 38. Nd5 Qe6+ 39. g4 Nxc4 40. Qf5
Qxf5 41. gxf5 Ne5 42. Rd1 Nxf3 43. Kg4 Ne5+ 44. Kg5 Nd7 45. Ne7 Bb5 46. Ng8 Kc8
47. Nf6 Nxf6 48. Kxf6 Bc4 49. a3 b5 50. Ke7 a5 51. f6 Kb7 52. Rg1 b4 53. axb4
axb4 54. Rg4 Bd5 55. Rxb4+ Kc6 56. Rd4 Be6 57. Re4 Bd5 58. Rg4 Kb5 59. Rg7 c5
60. Kd6 Be6 61. Rg5 Kc4 62. Rxc5+ Kd4 63. Rg5 Ke4 64. Re5+ 1-0

[Event "4NCL Division Three East"]
[Site "Daventry, ENG"]
[Date "2022.11.06"]
[Round "2.36"]
[White "Michaud, Gerald"]
[Black "Judkins, Brian D"]
[Result "1/2-1/2"]
[WhiteElo "1882"]
[BlackElo "1768"]
[PlyCount "112"]
[EventDate "2022.11.06"]
[WhiteTeam "Sussex Martlets 2"]
[BlackTeam "Poisoned Pawns"]

1. d4 d5 2. c4 c6 3. e3 Nf6 4. Nf3 Bf5 5. Nc3 e6 6. Qb3 Qc8 7. Bd2 h6 8. Rc1
Nbd7 9. Be2 Be7 10. O-O O-O 11. Rfd1 dxc4 12. Bxc4 Nb6 13. Be2 Rd8 14. Ne5 Nbd7
15. Nf3 Nb6 16. a3 Ne4 17. Nxe4 Bxe4 18. Ba5 Bd5 19. Qc2 Bxf3 20. Bxf3 Rd7 21.
Bxb6 axb6 22. Be4 Bf6 23. Qb3 b5 24. d5 Rd6 25. dxc6 Rxd1+ 26. Qxd1 bxc6 27.
Rxc6 Qd8 28. Rd6 Qxd6 29. Qxd6 Rd8 30. Qxd8+ Bxd8 31. Bc6 Bf6 32. Bxb5 Bxb2 33.
a4 Bc3 34. Kf1 Kf8 35. Ke2 Ke7 36. Kd3 Be1 37. f3 Kd6 38. Be8 f6 39. Bf7 Ke7
40. Bg8 Kd6 41. f4 e5 42. f5 Kc5 43. Bf7 Ba5 44. Ke4 Kd6 45. Kf3 Bb4 46. Kg4
Ke7 47. Bd5 Bd2 48. e4 Bc3 49. Kh5 Kf8 50. h4 Bd2 51. g4 Bc3 52. g5 hxg5 53.
hxg5 Bd2 54. gxf6 gxf6 55. Kg6 Ke7 56. Kg7 Bb4 1/2-1/2

[Event "4NCL Division Three East"]
[Site "Daventry, ENG"]
[Date "2022.11.06"]
[Round "2.41"]
[White "Brown, Thomas"]
[Black "Tippleston, Charles E"]
[Result "0-1"]
[WhiteElo "2115"]
[BlackElo "2059"]
[PlyCount "88"]
[EventDate "2022.11.06"]
[WhiteTeam "Rhyfelwyr Essyllwg"]
[BlackTeam "MK Phoenix 1"]

1. d4 Nf6 2. Bg5 e6 3. e4 h6 4. Bxf6 Qxf6 5. Nc3 Bb4 6. Qd3 c5 7. e5 Qd8 8. a3
Bxc3+ 9. bxc3 Qa5 10. Qd2 Nc6 11. Nf3 b6 12. Bc4 Bb7 13. d5 Ne7 14. d6 Nd5 15.
Bxd5 Bxd5 16. c4 Bxc4 17. Qxa5 bxa5 18. Nd2 Bd5 19. c4 Bc6 20. Nb3 O-O 21. O-O
Rab8 22. Nxc5 Rb2 23. f3 Rfb8 24. Rf2 f6 25. exf6 gxf6 26. Nd3 R2b3 27. Nc5
R3b6 28. Rd2 Kf7 29. Re1 Rb2 30. Ree2 Rb1+ 31. Kf2 Ra1 32. Re3 a4 33. Kg3 Rc1
34. Rd4 Rg8+ 35. Kh3 Rc2 36. g4 e5 37. Rdd3 Rxc4 38. Rc3 Rd4 39. Rcd3 Rxd3 40.
Rxd3 Rb8 41. Kg3 Rb2 42. h3 Re2 43. Ne4 Bxe4 44. fxe4 Rb2 0-1

[Event "4NCL Division Three East"]
[Site "Daventry, ENG"]
[Date "2022.11.06"]
[Round "2.42"]
[White "Freeman, Richard C P"]
[Black "Young, Alan"]
[Result "1/2-1/2"]
[WhiteElo "2029"]
[BlackElo "2095"]
[PlyCount "24"]
[EventDate "2022.11.06"]
[WhiteTeam "MK Phoenix 1"]
[BlackTeam "Rhyfelwyr Essyllwg"]

1. d4 d5 2. Bf4 c5 3. e3 cxd4 4. exd4 Nc6 5. c3 Bf5 6. Bd3 Bxd3 7. Qxd3 e6 8.
Nf3 Bd6 9. Bg3 Nf6 10. Nbd2 Qc7 11. O-O O-O 12. Rae1 Rae8 1/2-1/2

[Event "4NCL Division Three East"]
[Site "Daventry, ENG"]
[Date "2022.11.06"]
[Round "2.43"]
[White "Hewitt, William"]
[Black "Brown, Alan M"]
[Result "1/2-1/2"]
[WhiteElo "1978"]
[BlackElo "2001"]
[PlyCount "87"]
[EventDate "2022.11.06"]
[WhiteTeam "Rhyfelwyr Essyllwg"]
[BlackTeam "MK Phoenix 1"]

1. d4 Nf6 2. c4 e6 3. Nc3 Bb4 4. e3 c5 5. Nf3 b6 6. Bd3 Bb7 7. O-O Bxc3 8. bxc3
d6 9. Qe2 Nc6 10. e4 e5 11. d5 Ne7 12. Nh4 Ng6 13. Nf5 Rg8 14. a4 Ne7 15. f4
Ng6 16. fxe5 Nxe5 17. Bg5 Qd7 18. Nxg7+ Rxg7 19. Bxf6 Rg6 20. Bxe5 dxe5 21. a5
Qe7 22. Qh5 f6 23. axb6 axb6 24. Rxa8+ Bxa8 25. Rb1 Qa7 26. Qe2 Kd8 27. Qb2 Kc7
28. Ra1 Qb7 29. Bc2 Qc8 30. Qb5 Bb7 31. Bd1 Qh3 32. Ra2 Qxc3 33. Be2 Qe3+ 34.
Kf1 Qxe4 35. d6+ Kb8 36. d7 Qxg2+ 37. Ke1 Qg1+ 38. Kd2 Qd4+ 39. Kc2 Rg2 40. Kb3
Rxh2 41. Qxb6 Qxd7 42. Qa7+ Kc8 43. Qxc5+ Kb8 44. Qa7+ 1/2-1/2

[Event "4NCL Division Three East"]
[Site "Daventry, ENG"]
[Date "2022.11.06"]
[Round "2.44"]
[White "Elwin, Adrian G"]
[Black "Ralphs, Nigel"]
[Result "1/2-1/2"]
[WhiteElo "1972"]
[BlackElo "1962"]
[PlyCount "80"]
[EventDate "2022.11.06"]
[WhiteTeam "MK Phoenix 1"]
[BlackTeam "Rhyfelwyr Essyllwg"]

1. d4 d5 2. c4 c6 3. cxd5 cxd5 4. Bf4 Nc6 5. e3 Bf5 6. Nc3 e6 7. Qb3 Qd7 8. Nf3
f6 9. Be2 g5 10. Bg3 h5 11. h4 g4 12. Nd2 Nh6 13. Rc1 Rc8 14. O-O Bg6 15. Na4
Nf5 16. Nc5 Bxc5 17. Rxc5 O-O 18. Bb5 a6 19. Bxc6 Rxc6 20. Rfc1 Rfc8 21. Qb4
Nxg3 22. fxg3 Qd6 23. Rxc6 Qxb4 24. Rxc8+ Kg7 25. Nb3 Be4 26. R1c7+ Kg6 27.
Rg8+ Kf5 28. Rc1 e5 29. Rf1+ Ke6 30. Rb8 Ke7 31. Rc1 Kf7 32. Rbc8 exd4 33. exd4
a5 34. R1c7+ Kg6 35. Rg8+ Kf5 36. Rf7 Qe1+ 37. Kh2 Bxg2 38. Kxg2 Qe2+ 39. Kg1
Qe1+ 40. Kg2 Qe2+ 1/2-1/2

[Event "4NCL Division Three East"]
[Site "Daventry, ENG"]
[Date "2022.11.06"]
[Round "2.45"]
[White "Trevelyan, John"]
[Black "Lambourne, Dan M"]
[Result "1/2-1/2"]
[WhiteElo "1888"]
[BlackElo "1968"]
[PlyCount "107"]
[EventDate "2022.11.06"]
[WhiteTeam "Rhyfelwyr Essyllwg"]
[BlackTeam "MK Phoenix 1"]

1. d4 d5 2. Nf3 Nf6 3. c4 e6 4. Nc3 c6 5. cxd5 exd5 6. Qc2 Bb4 7. a3 Bxc3+ 8.
bxc3 Ne4 9. e3 Nd7 10. Bd3 Ndf6 11. O-O h6 12. Ne5 O-O 13. f3 Nd6 14. Bb2 Be6
15. Rae1 Qc8 16. e4 Nd7 17. Nxd7 Qxd7 18. e5 Nc4 19. Bc1 f5 20. exf6 Rxf6 21.
Bxc4 dxc4 22. Re5 Bf5 23. Qf2 Raf8 24. Rfe1 Re6 25. Rxe6 Bxe6 26. Qg3 Kh7 27.
Bf4 Rf6 28. Be5 Rg6 29. Qf2 b5 30. Bg3 a5 31. Re5 Bf5 32. Qe1 Re6 33. Rxe6 Bxe6
34. Be5 a4 35. Qe4+ Bf5 36. Qf4 Qf7 37. Qh4 g5 38. Qe1 Qe7 39. g4 Bg6 40. Qc1
Qf8 41. Kg2 Qe7 42. Kg3 Bd3 43. f4 gxf4+ 44. Qxf4 Bg6 45. Qc1 Qf8 46. h4 Be4
47. Qe3 Bd5 48. Bf4 Qf6 49. h5 Qe6 50. Be5 Qf7 51. Qe2 Qe6 52. Qc2+ Kg8 53. Qf2
Qf7 54. Qxf7+ 1/2-1/2

[Event "4NCL Division Three East"]
[Site "Daventry, ENG"]
[Date "2022.11.06"]
[Round "2.46"]
[White "Gardner, James"]
[Black "Hatchett, Paul"]
[Result "1/2-1/2"]
[WhiteElo "1865"]
[BlackElo "1971"]
[PlyCount "67"]
[EventDate "2022.11.06"]
[WhiteTeam "MK Phoenix 1"]
[BlackTeam "Rhyfelwyr Essyllwg"]

1. d4 Nf6 2. c4 c5 3. Nf3 g6 4. Nc3 Bg7 5. d5 d6 6. h3 O-O 7. e4 e6 8. Be2 exd5
9. exd5 Re8 10. O-O Ne4 11. Nxe4 Rxe4 12. Bd3 Re8 13. Rb1 Nd7 14. Bf4 Ne5 15.
Nxe5 Bxe5 16. Bxe5 dxe5 17. Qd2 a5 18. b3 f5 19. Bc2 Ra6 20. a3 f4 21. Be4 Bf5
22. Qd3 Rf6 23. Rfe1 Qd6 24. Qc3 b6 25. f3 Rf7 26. Kf1 Bc8 27. Re2 Rfe7 28.
Reb2 Ra7 29. b4 axb4 30. axb4 Ra4 31. bxc5 Qxc5 32. Rb5 Qxc4+ 33. Qxc4 Rxc4 34.
Rxb6 1/2-1/2

[Event "4NCL Division Three East"]
[Site "Daventry, ENG"]
[Date "2022.11.06"]
[Round "2.51"]
[White "Ortiz Sanchez, Luis"]
[Black "Vleeshhouwer, Douglas"]
[Result "1/2-1/2"]
[WhiteElo "2023"]
[BlackElo "2053"]
[PlyCount "40"]
[EventDate "2022.11.06"]
[WhiteTeam "Iceni 1"]
[BlackTeam "Hull & East Riding Tigers"]

1. e4 d6 2. d4 Nf6 3. Nc3 Nbd7 4. Nf3 e5 5. Bc4 Be7 6. O-O O-O 7. Re1 c6 8. a4
a5 9. h3 Nb6 10. Ba2 Nfd7 11. dxe5 dxe5 12. Be3 Qc7 13. Ng5 Nf6 14. Qd3 Bb4 15.
Red1 Nfd7 16. Qe2 Nf6 17. Bb3 h6 18. Nf3 Nbd7 19. Qc4 Nb6 20. Qe2 Nbd7 1/2-1/2

[Event "4NCL Division Three East"]
[Site "Daventry, ENG"]
[Date "2022.11.06"]
[Round "2.52"]
[White "Kendall, Paul S N"]
[Black "Sagues, Vincent"]
[Result "1/2-1/2"]
[WhiteElo "1947"]
[BlackElo "2056"]
[PlyCount "34"]
[EventDate "2022.11.06"]
[WhiteTeam "Hull & East Riding Tigers"]
[BlackTeam "Iceni 1"]

1. e4 d5 2. exd5 Qxd5 3. Nc3 Qd8 4. d4 Nf6 5. Nf3 Bg4 6. h3 Bxf3 7. Qxf3 c6 8.
Be3 e6 9. Bc4 Nbd7 10. O-O Be7 11. Rad1 O-O 12. Bg5 Nd5 13. Bxe7 Qxe7 14. Bb3
Nxc3 15. Qxc3 Nf6 16. Qg3 Rfd8 17. Rfe1 Qd6 1/2-1/2